000 00513nam a22001697a 4500
999 _c24906
_d24906
003 BDDh-ASL
005 20231015030426.0
008 210618s2003 bg ||||| |||| 00| 0 eng d
040 _aBDDh-ASL
_cBDDh-ASL
082 _a954
_bMAH
100 1 _93980
_aMandal, Narendra Kumar
245 1 0 _aHaroppa: Concept of Modern World /
260 _aDhaka:
_bAnitya,
_c2003.
300 _a84 p. :
_c22 cm.
650 0 _aArchaeology, প্রত্নতত্ত্ব Pratnatattba
_xHaroppa
_91567
942 _2ddc
_cBK